O statečném Ušákovi /

Uložené v:
Podrobná bibliografia
Hlavný autor: Svatopluk, T., 1900-1972
Ďalší autori: Pospíšil, Antonín (Illustrator)
Médium: Kniha
Jazyk:Czech
Vydané: Ostrava : Úder, 1949.
Vydanie:1. vyd.
ISBN: (brož.)
Fyzický popis: 188 s. : il. ; 25 cm.
Tagy: Pridať tag
Žiadne tagy, Buďte prvý kto otaguje tento záznam!

MARC

LEADER 00000nam a22000001 4500
001 000501034
005 20160406203519.0
008 980723s1949 xr a j 000 f cze d
020 |a (brož.)  |c Kčs 80,00 
040 |a SVKKK  |b slo  |c SVKKK  |e AACR2 
041 0 |a cze 
044 |a xr  |c CZ 
100 1 |a Svatopluk, T.,  |d 1900-1972 
245 1 0 |a O statečném Ušákovi /  |c T. Svatopluk ; [kresby a obálka od Antonína Pospíšila]. 
250 |a 1. vyd. 
260 |a Ostrava :  |b Úder,  |c 1949. 
300 |a 188 s. :  |b il. ;  |c 25 cm. 
366 |e 7000 výtl. 
700 1 |a Pospíšil, Antonín  |4 ill 
910 |a svkkk 
998 |a BK 
090 |g SCKHL  |k Sklad Hlavná 10 suterén  |a IV.42028  |j 42028  |i 501034-10  |s Prezenčne